000 01195nam a22003497a 4500
003 CHAP
005 20220817044520.0
008 120310s2010 it rn 00010 eng d
010 _a103026
011 _a103998
020 _a9789251065532
035 _a114687
040 _cCHAP
082 0 4 _a639.2
_bF46y v.937
110 2 _aFAO
245 1 0 _aReport of the FAO expert workshop on the application of biosecurity measures to control salmonella contamination in sustainable aquaculture
_c/por FAO
260 _aRoma :
_bFAO,
_c2010
300 _av, 39 p. :
_btablas
490 0 _aFAO. Informe de pesca y acuicultura
_v; 937
500 _aMangalore, India, 19-21 january 2010
590 _aBATCH-UPD
_b10
_c20130110
_lUCH01
_h1002
590 _aBATCH-UPD
_b10
_c20130410
_lUCH01
_h0613
590 _aCONVERSION
_b10
_c20130109
_lUCH01
_h1357
650 1 4 _aAcuicultura.
_9758
650 1 4 _aMedidas de seguridad.
_973925
650 1 4 _aPesca sostenible.
_987440
650 1 4 _aSalmonella.
_9101764
830 1 0 _aFAO. Informe de pesca y acuicultura
_v; 937
_939588
901 _aBK
942 _cLIBRO
949 _a639.2 F46y v.937
_bBC
_cFAO
_d33724002257264
_eFAO1
_gDonaciØn
_h116417
_i114687
_sb
999 _c103026
_d103026